[Event "Xtracon Open 2019"]
[Site "Helsingor"]
[Date "2019.07.22"]
[Round "4.15"]
[White "Rosenkilde, Alexander"]
[Black "Buttkus, Andre"]
[Result "1-0"]
[WhiteElo "2255"]
[BlackElo "2024"]
[Annotator "NA"]
[PlyCount "101"]
[EventDate "2019.07.19"]
[EventType "swiss"]
[EventCountry "DEN"]
[SourceTitle "playchess.com"]
[Source "ChessBase"]
[SourceQuality "1"]

1. d4 Nf6 2. c4 e6 3. Nf3 d5 4. g3 Bb4+ 5. Bd2 Bd6 6. Bg2 c6 7. Qc2 Ne4 8. O-O O-O 9. Nc3 f5 10. Rab1 Nd7 11. b4 a6 12. a4 Qf6 13. b5 Nxd2 14. Qxd2 axb5 15. axb5 Nb6 16. cxd5 cxd5 17. Qd3 Bd7 18. Nd2 Rfc8 19. Rb3 Kh8 20. e3 Ra5 21. Rfb1 h5 22. h4 Be8 23. f4 Qe7 24. Nf3 Rca8 25. Bf1 Ra3 26. Ne2 Nc4 27. Nc3 Qc7 28. Ng5 Qe7 29. Be2 g6 30. Kf2 Kg7 31. Bf3 Bf7 32. Be2 Qc7 33. Qd1 b6 34. Rxa3 Rxa3 35. Rb3 Nb2 36. Qc2 Nc4 37. Rxa3 Bxa3 38. Qb3 Bc1 39. Nd1 Nd2 40. Qc3 Qxc3 41. Nxc3 Ne4+ 42. Ngxe4 fxe4 43. Na4 Ba3 44. Nxb6 Bd6 45. Nd7 Be8 46. Nc5 Kf6 47. b6 Ke7 48. Bd1 Bb5 49. Ba4 Bc4 50. b7 Bd3 51. Nd7 1-0

[Event "Xtracon Open 2019"]
[Site "Helsingor"]
[Date "2019.07.22"]
[Round "4.15"]
[White "Petersen, Peter Birk"]
[Black "Knudsen, Ole"]
[Result "1-0"]
[WhiteElo "2158"]
[BlackElo "1969"]
[Annotator "NA"]
[PlyCount "67"]
[EventDate "2019.07.19"]
[EventType "swiss"]
[EventCountry "DEN"]
[SourceTitle "playchess.com"]
[Source "ChessBase"]
[SourceQuality "1"]

1. e4 d5 2. exd5 Qxd5 3. Nc3 Qd8 4. d4 Nf6 5. Bg5 c6 6. Qd2 h6 7. Bh4 Bf5 8. Nf3 e6 9. Bd3 Bxd3 10. Qxd3 Nbd7 11. O-O-O Qa5 12. Kb1 Bb4 13. Ne4 Nxe4 14. Qxe4 Qd5 15. Qe2 b5 16. g4 g5 17. Bg3 O-O-O 18. h4 f6 19. c3 Bd6 20. Bxd6 Qxd6 21. c4 a6 22. Nd2 Rde8 23. Qf3 Kb7 24. Ne4 Qb4 25. a3 Qe7 26. Rc1 f5 27. Nd2 fxg4 28. Qg2 Qh7+ 29. Ka1 Qd3 30. cxb5 Nb8 31. Nc4 Rd8 32. bxc6+ Kc7 33. Ne5 Rxd4 34. Nxd3 1-0

[Event "Xtracon Open 2019"]
[Site "Helsingor"]
[Date "2019.07.22"]
[Round "4.15"]
[White "Nilsson, Eskil"]
[Black "Zude, Erik"]
[Result "0-1"]
[WhiteElo "2053"]
[BlackElo "2385"]
[Annotator "NA"]
[PlyCount "68"]
[EventDate "2019.07.19"]
[EventType "swiss"]
[EventCountry "DEN"]
[SourceTitle "playchess.com"]
[Source "ChessBase"]
[SourceQuality "1"]

1. e4 c5 2. Nf3 d6 3. Bb5+ Nd7 4. c3 a6 5. Ba4 Ngf6 6. Qe2 e6 7. O-O b5 8. Bc2 Bb7 9. d4 Be7 10. Rd1 Qc7 11. a4 O-O 12. Bg5 h6 13. Bh4 Bc6 14. Nbd2 Rfe8 15. axb5 axb5 16. b4 c4 17. Qe1 Qb7 18. e5 dxe5 19. dxe5 Nd5 20. Bxe7 Nxe7 21. Ne4 Rxa1 22. Rxa1 Ra8 23. Nd6 Rxa1 24. Qxa1 Qb8 25. Qe1 Bxf3 26. gxf3 Nd5 27. Qe4 Kf8 28. Qd4 g5 29. h4 Ke7 30. Kh2 Nxe5 31. Qxe5 Qxd6 32. Qxd6+ Kxd6 33. hxg5 hxg5 34. Kg3 Nxc3 0-1

[Event "Xtracon Open 2019"]
[Site "Helsingor"]
[Date "2019.07.22"]
[Round "4.16"]
[White "Sevian, Samuel"]
[Black "Mardell, Jimmy"]
[Result "1-0"]
[WhiteElo "2667"]
[BlackElo "2134"]
[Annotator "TA RC"]
[PlyCount "65"]
[EventDate "2019.07.19"]
[EventType "swiss"]
[EventCountry "DEN"]
[SourceTitle "playchess.com"]
[Source "ChessBase"]
[SourceQuality "1"]

1. e4 e6 2. d4 d5 3. Nc3 Nf6 4. e5 Nfd7 5. Nce2 c5 6. c3 Nc6 7. f4 cxd4 8. cxd4 Bb4+ 9. Bd2 Qa5 10. Nf3 O-O 11. Nc3 f6 12. a3 Bxc3 13. Bxc3 Qd8 14. Bd3 f5 15. Rg1 Re8 16. h4 h5 17. Ng5 g6 18. g4 hxg4 19. h5 Qb6 20. Bc2 gxh5 21. Rh1 Kf8 22. Rxh5 Ke7 23. Nxe6 Ndxe5 24. Rh7+ Nf7 25. Ng7 Bd7 26. Nxe8 Rxe8 27. Kf2 Rh8 28. Rxh8 Nxh8 29. Qh1 Nxd4 30. Bb4+ Kf7 31. Qh7+ Kf6 32. Qxh8+ Kf7 33. Qh7+ 1-0

[Event "Xtracon Open 2019"]
[Site "Helsingor"]
[Date "2019.07.22"]
[Round "4.16"]
[White "Nielsen, Viktor Haarmark"]
[Black "Holinka, Henning"]
[Result "1-0"]
[WhiteElo "2254"]
[BlackElo "2021"]
[Annotator "NA"]
[PlyCount "89"]
[EventDate "2019.07.19"]
[EventType "swiss"]
[EventCountry "DEN"]
[SourceTitle "playchess.com"]
[Source "ChessBase"]
[SourceQuality "1"]

1. e4 g6 2. d4 Bg7 3. Nc3 a6 4. f4 d6 5. Nf3 b5 6. Bd3 Bb7 7. a4 c5 8. dxc5 b4 9. Nb1 dxc5 10. Nbd2 Nf6 11. Qe2 Nc6 12. Nc4 O-O 13. a5 Qc7 14. O-O Rad8 15. e5 Nd5 16. f5 Nd4 17. Nxd4 cxd4 18. Bd2 Ne3 19. Bxe3 dxe3 20. Qxe3 Bd5 21. Qb6 Bxe5 22. Nxe5 Qxe5 23. Qxb4 Rb8 24. Qc3 Qe3+ 25. Rf2 Rfc8 26. Qe1 Qxe1+ 27. Rxe1 Rxb2 28. Rxe7 Rb1+ 29. Rf1 Rxf1+ 30. Kxf1 gxf5 31. Ra7 Bc4 32. Ke2 Rc5 33. Bxc4 Rxc4 34. Kd3 Rc6 35. c4 Kf8 36. Kd4 Ke8 37. Kd5 Rg6 38. g3 Rh6 39. c5 Rxh2 40. Rxa6 Kd8 41. Ra7 Rh5 42. Kc6 Rg5 43. a6 Rxg3 44. Rxf7 Ra3 45. a7 1-0

[Event "Xtracon Open 2019"]
[Site "Helsingor"]
[Date "2019.07.22"]
[Round "4.16"]
[White "Lundberg, Roland"]
[Black "Nilssen, Ellen Fredericia"]
[Result "0-1"]
[WhiteElo "1958"]
[BlackElo "2155"]
[Annotator "NA"]
[PlyCount "120"]
[EventDate "2019.07.19"]
[EventType "swiss"]
[EventCountry "DEN"]
[SourceTitle "playchess.com"]
[Source "ChessBase"]
[SourceQuality "1"]

1. d4 Nf6 2. c4 g6 3. Nc3 d5 4. Nf3 Bg7 5. cxd5 Nxd5 6. Na4 Nd7 7. e4 N5b6 8. Be3 O-O 9. Nc3 e5 10. Bg5 f6 11. Bh4 Qe7 12. Qb3+ Kh8 13. d5 c6 14. Rd1 cxd5 15. exd5 g5 16. d6 Qd8 17. Bg3 f5 18. h4 gxh4 19. Bxh4 Bf6 20. g3 e4 21. Nd4 Nc5 22. Qb5 Bxh4 23. Rxh4 Ne6 24. Rh6 Ng7 25. Qe5 Qg5 26. Rh4 Bd7 27. Be2 Rae8 28. Qf4 Qxf4 29. gxf4 Rf6 30. Ndb5 a6 31. Nc7 Rd8 32. N3d5 Nxd5 33. Nxd5 Rxd6 34. Ne7 Rxd1+ 35. Bxd1 Be6 36. Ng6+ Kg8 37. Ne5 Bxa2 38. Rh3 Bd5 39. Rg3 b5 40. b4 Rd6 41. Rc3 Ne6 42. Rg3+ Kf8 43. Rh3 Nxf4 44. Rxh7 Kg8 45. Rc7 Re6 46. Nd7 Nd3+ 47. Ke2 Nxb4 48. Ke3 Nd3 49. Nc5 Rd6 50. Nxd3 exd3 51. Rc5 Kg7 52. Rc7+ Kf6 53. f4 d2 54. Rh7 Be4 55. Rh6+ Ke7 56. Rxd6 Kxd6 57. Kxd2 Kc5 58. Kc3 a5 59. Bb3 a4 60. Be6 b4+ 0-1

[Event "Xtracon Open 2019"]
[Site "Helsingor"]
[Date "2019.07.22"]
[Round "4.17"]
[White "Lysyj, Igor"]
[Black "Rishovd, Svein"]
[Result "1-0"]
[WhiteElo "2623"]
[BlackElo "2124"]
[Annotator "TA"]
[PlyCount "173"]
[EventDate "2019.07.19"]
[EventType "swiss"]
[EventCountry "DEN"]
[SourceTitle "playchess.com"]
[Source "ChessBase"]
[SourceQuality "1"]

1. d4 d5 2. Nf3 Nf6 3. c4 e6 4. g3 dxc4 5. Bg2 Bb4+ 6. Bd2 a5 7. Qc2 Bxd2+ 8. Qxd2 c6 9. a4 Ne4 10. Qc1 Nd6 11. Ne5 O-O 12. O-O Na6 13. Rd1 Nb4 14. Na3 Qc7 15. Naxc4 Rd8 16. Nxd6 Qxd6 17. e4 Rb8 18. Nc4 Qc7 19. e5 b6 20. Nd6 Ba6 21. Qd2 Rxd6 22. exd6 Qxd6 23. Qc3 Rd8 24. Bf3 h6 25. Qb3 Rc8 26. Rac1 Qe7 27. h4 Qf6 28. Qe3 Bb7 29. Kg2 Na2 30. Rc2 Nb4 31. Rcd2 Qd8 32. Kg1 Ba6 33. b3 Rb8 34. Be4 Bb7 35. Qe2 Qd6 36. Qh5 Ba6 37. Qe5 Rd8 38. Bf3 Bb7 39. Be2 Ba6 40. Bc4 Bb7 41. Kh2 Bc8 42. Bf1 Bb7 43. Bg2 Ba6 44. Bf3 Bb7 45. Qxd6 Rxd6 46. h5 Kf8 47. g4 Ke7 48. Kg3 Ba6 49. Be4 Nd5 50. Bf3 Bb7 51. Rc1 Kd7 52. Bg2 Ba6 53. Rdd1 Be2 54. Rd2 Ba6 55. Bh1 Bb7 56. f4 Ne7 57. Be4 f6 58. Kf2 Nd5 59. f5 Ne7 60. fxe6+ Kxe6 61. Re1 Kf7 62. Bd3 Bc8 63. Rde2 Be6 64. Bc4 Nd5 65. Kg3 Ke7 66. Bxd5 cxd5 67. Rc1 Kd8 68. Rec2 Bd7 69. Rc7 Re6 70. Ra7 Re3+ 71. Kf2 Re6 72. Ra8+ Ke7 73. Rb8 Rd6 74. Re1+ Be6 75. Rb7+ Kf8 76. Kg3 Rc6 77. Re3 Bc8 78. Rbe7 f5 79. gxf5 Bxf5 80. R3e5 Be4 81. R5e6 Rc3+ 82. Kg4 Bf3+ 83. Kh4 Rd3 84. Rc7 Rxd4+ 85. Kg3 Bxh5 86. Rxb6 Be8 87. Rbb7 1-0

[Event "Xtracon Open 2019"]
[Site "Helsingor"]
[Date "2019.07.22"]
[Round "4.17"]
[White "Arndt, Uwe"]
[Black "Gallagher, Daniel GH"]
[Result "0-1"]
[WhiteElo "1922"]
[BlackElo "2153"]
[Annotator "NA"]
[PlyCount "102"]
[EventDate "2019.07.19"]
[EventType "swiss"]
[EventCountry "DEN"]
[SourceTitle "playchess.com"]
[Source "ChessBase"]
[SourceQuality "1"]

1. d4 Nf6 2. c4 g6 3. Nc3 Bg7 4. e4 d6 5. f3 O-O 6. Nge2 c5 7. d5 e6 8. Ng3 exd5 9. cxd5 Nh5 10. Nxh5 gxh5 11. Be3 f5 12. Bd3 Nd7 13. O-O f4 14. Bf2 Ne5 15. Kh1 Ng6 16. Rb1 Be5 17. Qd2 Qf6 18. Rfc1 Bd7 19. b4 cxb4 20. Rxb4 Rfc8 21. Nb5 Bxb5 22. Rxb5 Bc3 23. Qc2 Rc7 24. Qb1 b6 25. Rb3 Rac8 26. Bb5 Bd4 27. Rxc7 Rxc7 28. Bg1 Bxg1 29. Qxg1 Rc2 30. Qb1 Qh4 31. Bd7 Qf2 32. Qg1 Qd2 33. Rb1 Rxa2 34. Bf5 Ne5 35. Rd1 Qb2 36. Bh3 Qc3 37. Rc1 Rc2 38. Rxc2 Qxc2 39. Qa1 a5 40. g3 Qf2 41. Be6+ Kf8 42. gxf4 Qxf3+ 43. Kg1 Qe3+ 44. Kg2 Qxe4+ 45. Kg3 Qf3+ 46. Kh4 Qxf4+ 47. Kxh5 Qxh2+ 48. Kg5 h6+ 49. Kf5 Qf2+ 50. Ke4 Qf3+ 51. Kd4 Qd3# 0-1

[Event "Xtracon Open 2019"]
[Site "Helsingor"]
[Date "2019.07.22"]
[Round "4.18"]
[White "Olsson, Linus"]
[Black "Christiansen, Arne"]
[Result "1/2-1/2"]
[WhiteElo "2242"]
[BlackElo "2011"]
[Annotator "NA"]
[PlyCount "65"]
[EventDate "2019.07.19"]
[EventType "swiss"]
[EventCountry "DEN"]
[SourceTitle "playchess.com"]
[Source "ChessBase"]
[SourceQuality "1"]

1. e4 d6 2. d4 Nf6 3. Bd3 g6 4. Ne2 Bg7 5. c4 O-O 6. Nbc3 Nc6 7. O-O e5 8. d5 Nb4 9. Bb1 a5 10. a3 Na6 11. b4 Bd7 12. bxa5 Nc5 13. Bc2 Rxa5 14. a4 Nh5 15. Ra3 Qe7 16. Bd2 Ra7 17. Nb5 Bxb5 18. cxb5 b6 19. a5 bxa5 20. Rxa5 Rxa5 21. Bxa5 Nf6 22. Nc3 Ra8 23. Bb4 Nfd7 24. Qc1 Qf8 25. Qb2 Qb8 26. Ra1 Bh6 27. Rxa8 Qxa8 28. Qa2 Qb7 29. Bb1 Kg7 30. g3 Bg5 31. h4 Bh6 32. Kg2 Kg8 33. Kg1 1/2-1/2

[Event "Xtracon Open 2019"]
[Site "Helsingor"]
[Date "2019.07.22"]
[Round "4.18"]
[White "Moe, Mogens"]
[Black "Carnstam, Tomas"]
[Result "1-0"]
[WhiteElo "2152"]
[BlackElo "1967"]
[Annotator "NA"]
[PlyCount "79"]
[EventDate "2019.07.19"]
[EventType "swiss"]
[EventCountry "DEN"]
[SourceTitle "playchess.com"]
[Source "ChessBase"]
[SourceQuality "1"]

1. e4 c5 2. Nf3 Nc6 3. d4 cxd4 4. Nxd4 e5 5. Nb5 a6 6. Nd6+ Bxd6 7. Qxd6 Qf6 8. Qd3 Nge7 9. c3 Qg6 10. Be3 d5 11. Nd2 Be6 12. exd5 Qxd3 13. Bxd3 Nxd5 14. Ne4 Nxe3 15. fxe3 Rd8 16. Nc5 Ke7 17. O-O-O Bc8 18. b4 f5 19. e4 f4 20. Bc4 Nb8 21. a4 b6 22. Nb3 Be6 23. Bxe6 Kxe6 24. a5 bxa5 25. Nxa5 Rc8 26. Kb2 Rc7 27. Rd3 Rhc8 28. Rhd1 Rd7 29. Rd5 Rxd5 30. exd5+ Kf6 31. c4 e4 32. c5 e3 33. Kc3 g5 34. Kd3 Re8 35. Ke2 Re4 36. c6 Rxb4 37. c7 Rb2+ 38. Kd3 Nd7 39. c8=Q Ne5+ 40. Kc3 1-0

[Event "Xtracon Open 2019"]
[Site "Helsingor"]
[Date "2019.07.22"]
[Round "4.18"]
[White "Huse, Sigurd Kjelsbol"]
[Black "Rasmussen, Allan Stig"]
[Result "0-1"]
[WhiteElo "2122"]
[BlackElo "2569"]
[Annotator "ChessBase"]
[PlyCount "62"]
[EventDate "2019.07.19"]
[EventType "swiss"]
[EventCountry "DEN"]
[SourceTitle "playchess.com"]
[Source "ChessBase"]
[SourceQuality "1"]

1. e4 e5 2. Nf3 Nc6 3. Bb5 g6 4. d4 exd4 5. Bg5 Be7 6. Bxe7 Qxe7 7. Bxc6 dxc6 8. Qxd4 Nf6 9. O-O c5 10. Qe5 Qxe5 11. Nxe5 Be6 12. Nc3 O-O-O 13. Rad1 Rd4 14. f3 Rhd8 15. Kf2 Rd2+ 16. Rxd2 Rxd2+ 17. Ke3 Rxg2 18. Rf2 Rg1 19. Rd2 Ne8 20. Nd5 Nd6 21. b3 Rg5 22. Kf4 Rh5 23. c4 f5 24. Nd3 fxe4 25. fxe4 Rh4+ 26. Ke5 Rxe4+ 27. Kf6 Ne8+ 28. Kg5 Rg4+ 29. Kh6 Rh4+ 30. Kg5 Rh5+ 31. Kf4 Bxd5 0-1

[Event "Xtracon Open 2019"]
[Site "Helsingor"]
[Date "2019.07.22"]
[Round "4.19"]
[White "Maze, Sebastien"]
[Black "Rolvag, Mikael"]
[Result "1/2-1/2"]
[WhiteElo "2565"]
[BlackElo "2119"]
[Annotator "ChessBase"]
[PlyCount "111"]
[EventDate "2019.07.19"]
[EventType "swiss"]
[EventCountry "DEN"]
[SourceTitle "playchess.com"]
[Source "ChessBase"]
[SourceQuality "1"]

1. e4 c6 2. d4 d5 3. e5 Bf5 4. Nf3 e6 5. Be2 c5 6. Be3 cxd4 7. Nxd4 Ne7 8. Nd2 Nbc6 9. N2f3 Be4 10. O-O a6 11. c3 Nxd4 12. Nxd4 Nc6 13. Nxc6 bxc6 14. Qa4 Qd7 15. Rfd1 Be7 16. Rac1 Qb7 17. f3 Bg6 18. c4 O-O 19. b3 a5 20. cxd5 cxd5 21. Bb5 Rab8 22. Bc6 Qa6 23. Kf2 Rb4 24. Qa3 d4 25. Bd2 Qb6 26. Qb2 Rd8 27. Bxb4 d3+ 28. Kf1 Bxb4 29. Qf2 Qb8 30. Rc4 Qxe5 31. g3 d2 32. Be4 f5 33. Bc2 Qb2 34. Qb6 Re8 35. a3 Qxa3 36. Rc8 Rxc8 37. Qxe6+ Kf8 38. Qxc8+ Ke7 39. Qc7+ Kf6 40. Qd8+ Kf7 41. Qd5+ Kf6 42. Qd4+ Kf7 43. Bd3 Qc1 44. Bc4+ Kf8 45. Ke2 Qc3 46. Qd8+ Be8 47. Qd5 Qf6 48. Kf2 Bc6 49. Qd3 Be4 50. Qd7 Bc6 51. Qc8+ Ke7 52. Qc7+ Ke8 53. Kg2 Bd7 54. h4 Qd4 55. Bb5 Bxb5 56. Qb8+ 1/2-1/2

[Event "Xtracon Open 2019"]
[Site "Helsingor"]
[Date "2019.07.22"]
[Round "4.20"]
[White "Bharath Subramaniyam H"]
[Black "Thuesen, Mogens"]
[Result "1-0"]
[WhiteElo "2405"]
[BlackElo "2111"]
[Annotator "NA"]
[PlyCount "125"]
[EventDate "2019.07.19"]
[EventType "swiss"]
[EventCountry "DEN"]
[SourceTitle "playchess.com"]
[Source "ChessBase"]
[SourceQuality "1"]

1. e4 e5 2. Nf3 Nc6 3. Bb5 a6 4. Ba4 Nge7 5. c3 g6 6. d4 exd4 7. cxd4 b5 8. Bb3 Bg7 9. O-O O-O 10. Nc3 d6 11. d5 Na5 12. Be3 Bg4 13. h3 Bxf3 14. Qxf3 b4 15. Na4 Nxb3 16. axb3 f5 17. Rac1 f4 18. Bd2 a5 19. Qg4 h5 20. Qf3 Be5 21. Rc4 Rf7 22. Rfc1 Ra7 23. h4 Kh7 24. Qh3 Ng8 25. f3 Nf6 26. Be1 Ne8 27. Bf2 Ra8 28. R1c2 Qf6 29. Kf1 Rg7 30. Ke1 Qe7 31. Kd1 Qd7 32. Qxd7 Rxd7 33. Ke2 Rg7 34. Kd3 g5 35. hxg5 Rxg5 36. Bh4 Rg6 37. Rc6 Kg7 38. Kc4 Bf6 39. Bxf6+ Kxf6 40. Nc5 Rg3 41. Ne6 h4 42. Nxf4 Ke5 43. Nd3+ Kf6 44. f4 a4 45. Nxb4 axb3 46. Re2 Ra1 47. Nd3 Rd1 48. Ne1 Rg4 49. f5 Rg3 50. Kb4 h3 51. gxh3 Rd4+ 52. Rc4 Ke5 53. Rxd4 Kxd4 54. Rd2+ Ke5 55. Rd3 Rxd3 56. Nxd3+ Kxe4 57. Kc4 Nf6 58. Nb4 Kxf5 59. Na6 Ne8 60. Kxb3 Kg5 61. Kc4 Kh4 62. Kb5 Kxh3 63. Kc6 1-0

[Event "Xtracon Open 2019"]
[Site "Helsingor"]
[Date "2019.07.22"]
[Round "4.21"]
[White "Ivarsson, Torbjorn"]
[Black "Miedema, David"]
[Result "0-1"]
[WhiteElo "2119"]
[BlackElo "2387"]
[Annotator "NA"]
[PlyCount "78"]
[EventDate "2019.07.19"]
[EventType "swiss"]
[EventCountry "DEN"]
[SourceTitle "playchess.com"]
[Source "ChessBase"]
[SourceQuality "1"]

1. d4 Nf6 2. Nc3 d5 3. Bf4 c6 4. e3 Bf5 5. f3 Nbd7 6. g4 Bg6 7. h4 h6 8. h5 Bh7 9. Bd3 Qb6 10. Nge2 O-O-O 11. Bxh7 Nxh7 12. Qd3 f6 13. O-O-O e5 14. Bg3 Ng5 15. Qf5 Nf7 16. Qd3 Bd6 17. Kb1 Rhe8 18. Rhf1 Ng5 19. Qd2 Bb4 20. Nc1 e4 21. Bf4 Nxf3 22. Rxf3 exf3 23. Nd3 Nf8 24. Nxb4 Qxb4 25. Qd3 Ne6 26. Qf5 Rd7 27. Bg3 Ng5 28. a3 Qc4 29. Rd3 Ne4 30. Qf4 Nxc3+ 31. bxc3 Kd8 32. Qxf3 c5 33. Kb2 Qb5+ 34. Ka2 Re6 35. dxc5 Qc4+ 36. Kb2 Qxc5 37. Rd4 Rb6+ 38. Rb4 Rc6 39. e4 d4 0-1

[Event "Xtracon Open 2019"]
[Site "Helsingor"]
[Date "2019.07.22"]
[Round "4.22"]
[White "Haubro, Martin"]
[Black "Poulsen, Klaus E."]
[Result "1-0"]
[WhiteElo "2356"]
[BlackElo "2095"]
[Annotator "NA"]
[PlyCount "91"]
[EventDate "2019.07.19"]
[EventType "swiss"]
[EventCountry "DEN"]
[SourceTitle "playchess.com"]
[Source "ChessBase"]
[SourceQuality "1"]

1. d4 Nf6 2. c4 g6 3. Nc3 Bg7 4. e4 d6 5. f3 O-O 6. Nge2 c5 7. d5 Na6 8. Ng3 Nc7 9. Be2 Bd7 10. Be3 Rb8 11. O-O h5 12. Qd2 b5 13. e5 dxe5 14. Bxc5 Na6 15. Bxa7 Rb7 16. Be3 bxc4 17. Bxc4 Qa5 18. a3 Ra8 19. Qe2 e4 20. d6 exd6 21. Ngxe4 Nxe4 22. fxe4 Be6 23. Bxe6 fxe6 24. Qc4 Nc7 25. b4 Qa6 26. b5 Qa5 27. Bd4 Bxd4+ 28. Qxd4 Nxb5 29. Nxb5 Qxb5 30. Qxd6 Qb6+ 31. Qxb6 Rxb6 32. Rf3 Kg7 33. h4 Rb4 34. axb4 Rxa1+ 35. Rf1 Ra2 36. Rb1 Kf6 37. b5 Ke5 38. b6 Ra8 39. b7 Rb8 40. Rb4 Kf4 41. Kf2 g5 42. g3+ Kg4 43. hxg5 Kxg5 44. Kf3 e5 45. Rb5 Kg6 46. Kg2 1-0

[Event "Xtracon Open 2019"]
[Site "Helsingor"]
[Date "2019.07.22"]
[Round "4.23"]
[White "Shehzad, Shazil"]
[Black "Gandrud, Vegar Koi"]
[Result "0-1"]
[WhiteElo "2088"]
[BlackElo "2351"]
[Annotator "NA"]
[PlyCount "68"]
[EventDate "2019.07.19"]
[EventType "swiss"]
[EventCountry "DEN"]
[SourceTitle "playchess.com"]
[Source "ChessBase"]
[SourceQuality "1"]

1. e4 c5 2. Nf3 d6 3. d4 cxd4 4. Nxd4 Nf6 5. Nc3 a6 6. f3 e5 7. Nb3 Be7 8. Be3 Be6 9. Qd2 Nbd7 10. g4 b5 11. g5 b4 12. gxf6 bxc3 13. Qxc3 Nxf6 14. O-O-O O-O 15. Na5 Rc8 16. Nc6 Qc7 17. Nxe7+ Qxe7 18. Qa5 Rc6 19. b3 Rfc8 20. c4 d5 21. exd5 Nxd5 22. Bd2 Qa7 23. Qa3 Qf2 24. Qb2 f6 25. Kb1 Qxf3 26. Re1 Qxh1 27. Bh3 Qxe1+ 28. Bxe1 Bxh3 29. Qf2 Nf4 30. Bd2 Ng6 31. Qf3 Be6 32. Bb4 Nh4 33. Qf2 Nf5 34. Qa7 e4 0-1

[Event "Xtracon Open 2019"]
[Site "Helsingor"]
[Date "2019.07.22"]
[Round "4.24"]
[White "Rydstrom, Tom"]
[Black "Bruaset, Eivind"]
[Result "1-0"]
[WhiteElo "2345"]
[BlackElo "2074"]
[Annotator "NA"]
[PlyCount "79"]
[EventDate "2019.07.19"]
[EventType "swiss"]
[EventCountry "DEN"]
[SourceTitle "playchess.com"]
[Source "ChessBase"]
[SourceQuality "1"]

1. e4 e6 2. d4 d5 3. Nc3 Bb4 4. e5 c5 5. Qg4 Ne7 6. dxc5 Nbc6 7. Nf3 O-O 8. Bd2 Bxc5 9. Bd3 Ng6 10. O-O-O Bd7 11. Qh5 Nb4 12. Kb1 Nxd3 13. cxd3 f6 14. exf6 Rxf6 15. Bg5 Be7 16. Bxf6 Bxf6 17. Qg4 Rc8 18. d4 e5 19. Qg3 Bf5+ 20. Ka1 e4 21. Ne5 Bh4 22. Qe3 Bg5 23. Qe2 a6 24. Nxg6 Bxg6 25. h4 Bxh4 26. Qg4 Bxf2 27. Qe6+ Bf7 28. Qf5 e3 29. Qxh7+ Kf8 30. Qf5 Kg8 31. Rh3 Rxc3 32. bxc3 e2 33. Rdh1 Bh4 34. Rxh4 e1=Q+ 35. Rxe1 Qxh4 36. Qc8+ Kh7 37. Qh3 Qxh3 38. gxh3 Bg6 39. Re5 Be4 40. c4 1-0

[Event "Xtracon Open 2019"]
[Site "Helsingor"]
[Date "2019.07.23"]
[Round "5"]
[White "Korley, Kassa"]
[Black "Karthikeyan, Murali"]
[Result "1/2-1/2"]
[WhiteElo "2437"]
[BlackElo "2613"]
[Annotator "ChessBase"]
[PlyCount "114"]
[EventDate "2019.??.??"]
[EventCountry "DEN"]
[SourceTitle "playchess.com"]
[Source "ChessBase"]
[SourceQuality "1"]

1. d4 Nf6 2. Nf3 g6 3. Bf4 Bg7 4. e3 O-O 5. Be2 d6 6. h3 b6 7. O-O Bb7 8. a4 a6 9. c4 Nbd7 10. Nc3 Ne4 11. Nxe4 Bxe4 12. Nd2 Bb7 13. Bf3 Qc8 14. Qc2 Bxf3 15. Nxf3 c5 16. Bg5 Re8 17. Ra3 Rb8 18. Rc1 b5 19. axb5 axb5 20. b3 bxc4 21. bxc4 Rb4 22. Ra4 Rb7 23. Rb1 h6 24. Bh4 cxd4 25. exd4 Rxb1+ 26. Qxb1 e5 27. dxe5 dxe5 28. Bg3 Nc5 29. Ra7 Qe6 30. Rc7 Na6 31. Ra7 Nc5 32. Rc7 Na6 33. Ra7 e4 34. Ne5 Bxe5 35. Bxe5 Qxe5 36. Rxa6 Qc3 37. Qa1 Qxc4 38. Ra8 Rxa8 39. Qxa8+ Kh7 40. Qa7 Qc1+ 41. Kh2 Qf4+ 42. Kg1 g5 43. Qc5 Qf6 44. Qa7 Qe6 45. Qb7 h5 46. Qa7 h4 47. Qc5 Kg6 48. Qe3 Qc6 49. Qa3 Qe6 50. Qc5 f5 51. Qd4 f4 52. Kf1 Qc6 53. Qe5 Qc4+ 54. Kg1 Qc6 55. Kh2 f3 56. g4 Kf7 57. Qxg5 Qd6+ 1/2-1/2

[Event "Xtracon Open 2019"]
[Site "Helsingor"]
[Date "2019.07.23"]
[Round "5.1"]
[White "Grandelius, Nils"]
[Black "Kryakvin, Dmitry"]
[Result "1/2-1/2"]
[WhiteElo "2691"]
[BlackElo "2586"]
[Annotator "TA"]
[PlyCount "47"]
[EventDate "2019.07.19"]
[EventType "swiss"]
[EventCountry "DEN"]
[SourceTitle "playchess.com"]
[Source "ChessBase"]
[SourceQuality "1"]

1. e4 e6 2. d4 d5 3. e5 c5 4. c3 Qb6 5. Nf3 Nc6 6. a3 c4 7. Nbd2 Na5 8. Be2 Bd7 9. O-O Ne7 10. Rb1 Qc7 11. g3 Nc8 12. Nh4 Be7 13. Ng2 Nb6 14. f4 O-O-O 15. Ne3 f5 16. g4 g6 17. Kh1 Rdf8 18. Bf3 Kb8 19. Qe2 Ba4 20. gxf5 gxf5 21. Rg1 Rfg8 22. Rxg8+ Rxg8 23. Ndf1 Nb3 24. Bd2 1/2-1/2

[Event "Xtracon Open 2019"]
[Site "Helsingor"]
[Date "2019.07.23"]
[Round "5.1"]
[White "Schmidt, Kristen"]
[Black "Salomon, Johan"]
[Result "1/2-1/2"]
[WhiteElo "2225"]
[BlackElo "2514"]
[Annotator "ChessBase"]
[PlyCount "61"]
[EventDate "2019.07.19"]
[EventType "swiss"]
[EventCountry "DEN"]
[SourceTitle "playchess.com"]
[Source "ChessBase"]
[SourceQuality "1"]

1. e4 c5 2. Nf3 d6 3. Bb5+ Nd7 4. c4 Ngf6 5. Nc3 g6 6. d4 cxd4 7. Nxd4 Bg7 8. O-O O-O 9. Bxd7 Bxd7 10. b3 a6 11. a4 Bc6 12. f3 Qa5 13. Nce2 Nd7 14. Bd2 Qc7 15. a5 e5 16. Nxc6 bxc6 17. b4 f5 18. Qb3 Kh8 19. Qd3 Rab8 20. Rab1 fxe4 21. fxe4 Nf6 22. h3 Qd7 23. Be3 Qe6 24. Nc3 Ra8 25. Bb6 Rfc8 26. Rfd1 Nh5 27. Ne2 Bf8 28. Rbc1 Nf6 29. Nc3 Nh5 30. Ne2 Nf6 31. Nc3 1/2-1/2

[Event "Xtracon Open 2019"]
[Site "Helsingor"]
[Date "2019.07.23"]
[Round "5.1"]
[White "Andersen, Morten"]
[Black "Lauritsen, Niels"]
[Result "1-0"]
[WhiteElo "2212"]
[BlackElo "2011"]
[Annotator "NA"]
[PlyCount "71"]
[EventDate "2019.07.19"]
[EventType "swiss"]
[EventCountry "DEN"]
[SourceTitle "playchess.com"]
[Source "ChessBase"]
[SourceQuality "1"]

1. d4 d6 2. e4 e5 3. Nf3 exd4 4. Nxd4 g6 5. g3 Bg7 6. Bg2 Ne7 7. O-O Nbc6 8. c3 O-O 9. Be3 Re8 10. Nd2 Nxd4 11. Bxd4 Nc6 12. Bxg7 Kxg7 13. f4 f6 14. Qf3 Be6 15. h3 Qd7 16. f5 gxf5 17. exf5 Ne5 18. Qxb7 Bc4 19. Nxc4 Nxc4 20. Bc6 Qe7 21. Rae1 Ne5 22. Bxe8 Rxe8 23. Kg2 Qf7 24. b3 Kh8 25. Qe4 d5 26. Qe3 c5 27. Qxc5 d4 28. Qxd4 Qc7 29. c4 Rd8 30. Qe4 Rg8 31. Re3 Qa5 32. Rf2 Qb6 33. Rd2 Qa5 34. Qd5 Qc7 35. c5 h5 36. Rd4 1-0

[Event "Xtracon Open 2019"]
[Site "Helsingor"]
[Date "2019.07.23"]
[Round "5.1"]
[White "Gallagher, Daniel GH"]
[Black "Jacobsen, Mikkel Manosri"]
[Result "1/2-1/2"]
[WhiteElo "2153"]
[BlackElo "2343"]
[Annotator "NA"]
[PlyCount "90"]
[EventDate "2019.07.19"]
[EventType "swiss"]
[EventCountry "DEN"]
[SourceTitle "playchess.com"]
[Source "ChessBase"]
[SourceQuality "1"]

1. e4 c6 2. d4 d5 3. e5 Bf5 4. h4 h5 5. Bd3 Bxd3 6. Qxd3 Qa5+ 7. Bd2 Qa6 8. Qxa6 Nxa6 9. e6 f6 10. Nh3 O-O-O 11. Nc3 Nc7 12. Nf4 g5 13. hxg5 fxg5 14. Rxh5 Rxh5 15. Nxh5 Nxe6 16. Ne2 Bh6 17. g4 Rf8 18. Be3 Nf4 19. Bxf4 gxf4 20. f3 e6 21. Kf2 Bg5 22. Rd1 Kd7 23. Nc1 Kd6 24. Nd3 Ne7 25. Rd2 Ng6 26. Re2 Rf7 27. c3 Bd8 28. b4 b6 29. a4 a5 30. bxa5 bxa5 31. Rb2 e5 32. dxe5+ Nxe5 33. Nhxf4 Rxf4 34. Nxf4 Bg5 35. Nh3 Nd3+ 36. Ke2 Nxb2 37. Nxg5 Nxa4 38. Kd2 Nc5 39. Kc2 Ke5 40. Nf7+ Ke6 41. Nd8+ Kd7 42. Nf7 Ke6 43. Nd8+ Kd7 44. Nf7 Ke6 45. Nd8+ Ke5 1/2-1/2